|
|
|
|
| LEADER |
01862nam a22003733i 4500 |
| 001 |
EBC6683078 |
| 003 |
MiAaPQ |
| 005 |
20240729202203.0 |
| 006 |
m o d | |
| 007 |
cr cnu|||||||| |
| 008 |
240729s2021 xx o ||||0 eng d |
| 020 |
|
|
|a 9789179296230
|q (electronic bk.)
|
| 035 |
|
|
|a (MiAaPQ)EBC6683078
|
| 035 |
|
|
|a (Au-PeEL)EBL6683078
|
| 035 |
|
|
|a (OCoLC)1262370519
|
| 040 |
|
|
|a MiAaPQ
|b eng
|e rda
|e pn
|c MiAaPQ
|d MiAaPQ
|
| 100 |
1 |
|
|a Järemo Lawin, Felix.
|
| 245 |
1 |
0 |
|a Learning Representations for Segmentation and Registration.
|
| 250 |
|
|
|a 1st ed.
|
| 264 |
|
1 |
|a Linköping :
|b Linkopings Universitet,
|c 2021.
|
| 264 |
|
4 |
|c {copy}2021.
|
| 300 |
|
|
|a 1 online resource (88 pages)
|
| 336 |
|
|
|a text
|b txt
|2 rdacontent
|
| 337 |
|
|
|a computer
|b c
|2 rdamedia
|
| 338 |
|
|
|a online resource
|b cr
|2 rdacarrier
|
| 490 |
1 |
|
|a Linköping Studies in Science and Technology. Dissertations Series ;
|v v.2151
|
| 505 |
0 |
|
|a Intro -- POPULÄRVETENSKAPLIG SAMMANFATTNING -- ABSTRACT -- Acknowledgments -- Contents -- Part I Background -- 1 Introduction -- 2 3D perception and registration -- 3 Segmentation -- 4 Concluding remarks -- Bibliography -- Part II Publications.
|
| 588 |
|
|
|a Description based on publisher supplied metadata and other sources.
|
| 590 |
|
|
|a Electronic reproduction. Ann Arbor, Michigan : ProQuest Ebook Central, 2024. Available via World Wide Web. Access may be limited to ProQuest Ebook Central affiliated libraries.
|
| 655 |
|
4 |
|a Electronic books.
|
| 776 |
0 |
8 |
|i Print version:
|a Järemo Lawin, Felix
|t Learning Representations for Segmentation and Registration
|d Linköping : Linkopings Universitet,c2021
|
| 797 |
2 |
|
|a ProQuest (Firm)
|
| 830 |
|
0 |
|a Linköping Studies in Science and Technology. Dissertations Series
|
| 856 |
4 |
0 |
|u https://ebookcentral.proquest.com/lib/matrademy/detail.action?docID=6683078
|z Click to View
|